[Event "6th ch-EURw"]
[Site "Chisinau MDA"]
[Date "2005.06.13"]
[Round "3"]
[White "Calzetta, M."]
[Black "Yildiz, B."]
[Result "1-0"]
[WhiteElo "2254"]
[BlackElo "2156"]
[PlyCount "41"]
[EventDate "2005.06.11"]

1. e4 c5 2. Nf3 d6 3. d4 cxd4 4. Nxd4 a6 5. Bd3 Nf6 6. O-O e6 7. c4 b6 8. Nc3
Bb7 9. Qe2 Nc6 10. Nxc6 Bxc6 11. f4 g6 12. e5 dxe5 13. fxe5 Qd4+ 14. Kh1 Nh5
15. Be4 Qd7 16. Qf3 Bxe4 17. Nxe4 O-O-O 18. Bg5 Be7 19. Bxe7 Qxe7 20. Nd6+ Kb8
21. Qc6 1-0

[Event "6th ch-EURw"]
[Site "Chisinau MDA"]
[Date "2005.06.14"]
[Round "4"]
[White "Yildiz, B."]
[Black "Foisor, M."]
[Result "1/2-1/2"]
[WhiteElo "2156"]
[BlackElo "1930"]
[PlyCount "62"]
[EventDate "2005.06.11"]

1. d4 e6 2. Nf3 f5 3. e3 Nf6 4. Nbd2 d5 5. b3 Bd6 6. Bb2 O-O 7. c4 c6 8. Bd3 b6
9. O-O Ne4 10. Rc1 Bb7 11. Qe2 Nd7 12. Ne5 Rc8 13. Rfd1 Ndf6 14. f3 Nxd2 15.
Rxd2 c5 16. a3 Qe7 17. dxc5 Bxc5 18. b4 Bd6 19. Rdc2 a5 20. cxd5 Rxc2 21. Rxc2
Nxd5 22. bxa5 bxa5 23. Nc4 Bc5 24. Kh1 Ba6 25. Bd4 Bxd4 26. exd4 Nf4 27. Qd2
Nxd3 28. Qxd3 Rc8 29. Qb3 Rxc4 30. Rxc4 Bxc4 31. Qxc4 Kf7 1/2-1/2

[Event "6th ch-EURw"]
[Site "Chisinau MDA"]
[Date "2005.06.15"]
[Round "5"]
[White "Vetrila, S."]
[Black "Yildiz, B."]
[Result "0-1"]
[WhiteElo "1911"]
[BlackElo "2156"]
[PlyCount "70"]
[EventDate "2005.06.11"]

1. e4 d5 2. exd5 Qxd5 3. Nc3 Qa5 4. d4 c6 5. Bd2 Nf6 6. Nf3 Bf5 7. Bc4 e6 8.
Ne4 Qc7 9. Nxf6+ gxf6 10. c3 Nd7 11. Qe2 O-O-O 12. O-O-O Bd6 13. Nh4 Bg6 14.
Nxg6 hxg6 15. h3 a5 16. Kb1 a4 17. Rhe1 Rh4 18. Bc1 Qa5 19. Rf1 Nb6 20. Bd3 a3
21. Ka1 e5 22. g3 Rhh8 23. Bc2 Nd5 24. Qf3 Kc7 25. Bb3 Rxh3 26. Bxd5 Qxd5 27.
Qxf6 axb2+ 28. Bxb2 Ra8 29. a3 Bxa3 30. Kb1 Bxb2 31. c4 Qe4+ 32. Kxb2 Qe2+ 33.
Kb1 Qa2+ 34. Kc1 Qxc4+ 35. Kb1 Qb3+ 0-1

[Event "6th ch-EURw"]
[Site "Chisinau MDA"]
[Date "2005.06.16"]
[Round "6"]
[White "Makka, I."]
[Black "Yildiz, B."]
[Result "1-0"]
[WhiteElo "2250"]
[BlackElo "2156"]
[PlyCount "89"]
[EventDate "2005.06.11"]

1. e4 c5 2. Nf3 e6 3. d4 cxd4 4. Nxd4 Nc6 5. Nc3 Qc7 6. g3 a6 7. Bg2 Nf6 8. O-O
Bc5 9. Nce2 O-O 10. c4 d6 11. Nb3 Ba7 12. Bf4 Ne5 13. Rc1 Bd7 14. Bg5 Bc6 15.
Bxf6 gxf6 16. Nf4 Qe7 17. Na5 Be8 18. Qd2 Kh8 19. Rfd1 Rd8 20. Nb3 Ng4 21. Nd3
b5 22. h3 Ne5 23. cxb5 Bxb5 24. Nf4 Nc4 25. Qc2 Rc8 26. Qb1 Qb7 27. Rc2 Rg8 28.
Kh2 Qe7 29. Qc1 Qf8 30. Nh5 Rg5 31. g4 d5 32. exd5 Bb8+ 33. Ng3 h5 34. f4 Qd6
35. Nxh5 Rxh5 36. gxh5 e5 37. Nd2 exf4 38. Bf3 Qb6 39. Nxc4 Rxc4 40. d6 Qc5 41.
Rxc4 Qf2+ 42. Bg2 Bxc4 43. Qxc4 Qg3+ 44. Kh1 Kg7 45. Qc8 1-0

[Event "6th ch-EURw"]
[Site "Chisinau MDA"]
[Date "2005.06.17"]
[Round "7"]
[White "Yildiz, B."]
[Black "Kucherenko, O."]
[Result "1-0"]
[WhiteElo "2156"]
[BlackElo "2079"]
[PlyCount "99"]
[EventDate "2005.06.11"]

1. e4 c5 2. Nf3 d6 3. c3 Nf6 4. Be2 g6 5. O-O Bg7 6. Bb5+ Bd7 7. Bxd7+ Qxd7 8.
Re1 O-O 9. d4 cxd4 10. cxd4 Nc6 11. Nc3 Rfd8 12. h3 Rac8 13. Qa4 d5 14. e5 Ne8
15. Bd2 Nc7 16. b4 a6 17. Qb3 Ne6 18. Be3 b6 19. Ne2 Rc7 20. Rab1 b5 21. Qa3
Ra7 22. Nc1 a5 23. bxa5 Rxa5 24. Qd3 Nc7 25. Re2 Rda8 26. Rbb2 Ra3 27. Rb3 R3a4
28. Rc3 b4 29. Rcc2 Na5 30. Nb3 Ra3 31. Bc1 Nb5 32. Bxa3 Nxa3 33. Nc5 Qa7 34.
Rb2 Nc6 35. Re1 Nc4 36. Rc2 e6 37. Nd2 Na3 38. Rb2 Bf8 39. Ncb3 Bh6 40. Rd1
Bxd2 41. Rbxd2 Nc4 42. Rc2 Qb6 43. h4 h5 44. Qh3 Kg7 45. Qf3 Qd8 46. Qf4 Rc8
47. Rd3 Na3 48. Re2 Na5 49. Rh3 Qe7 50. Rd2 1-0

[Event "6th ch-EURw"]
[Site "Chisinau MDA"]
[Date "2005.06.18"]
[Round "8"]
[White "Yildiz, B."]
[Black "Ionica, I."]
[Result "1-0"]
[WhiteElo "2156"]
[BlackElo "2245"]
[PlyCount "103"]
[EventDate "2005.06.11"]

1. e4 c5 2. Nf3 e6 3. d4 cxd4 4. Nxd4 Nc6 5. Nc3 Qc7 6. Be3 a6 7. Be2 Nf6 8.
O-O Bb4 9. Na4 Rb8 10. Nxc6 bxc6 11. f3 O-O 12. c4 Bd6 13. g3 Rb4 14. a3 Rb8
15. Kg2 c5 16. Qd2 Be7 17. Rfd1 d6 18. b4 Nd7 19. Bf4 e5 20. Be3 Bb7 21. Nc3
Kh8 22. Nd5 Bxd5 23. cxd5 f5 24. Bxa6 cxb4 25. axb4 fxe4 26. fxe4 Nf6 27. Bd3
Qc8 28. h3 Qe8 29. Ba7 Rb7 30. b5 Qg6 31. Qe2 Bd8 32. Bg1 h5 33. Rf1 Bb6 34.
Bxb6 Rxb6 35. Ra6 Rfb8 36. Rxb6 Rxb6 37. Kh2 Rb8 38. Qe3 h4 39. gxh4 Qh7 40.
Qa7 Re8 41. Rg1 Rg8 42. Qf2 Rb8 43. b6 Nd7 44. Qf7 Nc5 45. Qc7 Rg8 46. b7 Qxh4
47. b8=Q Qf2+ 48. Rg2 Qf4+ 49. Kh1 Qc1+ 50. Rg1 Qh6 51. Qxg8+ Kxg8 52. Qc8+ 1-0

[Event "6th ch-EURw"]
[Site "Chisinau MDA"]
[Date "2005.06.22"]
[Round "11"]
[White "Szczepkowska, K."]
[Black "Yildiz, B."]
[Result "1/2-1/2"]
[WhiteElo "2264"]
[BlackElo "2156"]
[PlyCount "90"]
[EventDate "2005.06.11"]

1. g3 d5 2. Bg2 Nf6 3. f4 c5 4. b3 e6 5. Bb2 Be7 6. Nf3 b6 7. O-O Bb7 8. e3 Nc6
9. Qe2 Qc7 10. d3 O-O 11. Nbd2 Nd7 12. e4 d4 13. e5 Nb4 14. Ne4 Nd5 15. Bc1
Rfe8 16. Bh3 Nf8 17. Bd2 Rac8 18. Rf2 Rcd8 19. Raf1 Bc8 20. Bg2 f6 21. exf6
Nxf6 22. Ne5 Bb7 23. Nxf6+ Bxf6 24. Bxb7 Qxb7 25. g4 g6 26. g5 Bxe5 27. fxe5
Nd7 28. Bf4 Rf8 29. h4 Rf5 30. Bg3 Rxf2 31. Rxf2 Rf8 32. Rxf8+ Nxf8 33. Qg2
Qxg2+ 34. Kxg2 Nd7 35. Kf3 Nb8 36. Ke4 Nc6 37. Be1 Kf7 38. c3 dxc3 39. Bxc3 Ke7
40. d4 cxd4 41. Bxd4 Nxd4 42. Kxd4 Kd7 43. b4 Kc6 44. a4 a6 45. Kc4 b5+ 1/2-1/2

[Event "6th ch-EURw"]
[Site "Chisinau MDA"]
[Date "2005.06.23"]
[Round "12"]
[White "Yildiz, B."]
[Black "Czarnota, D."]
[Result "0-1"]
[WhiteElo "2156"]
[BlackElo "2244"]
[PlyCount "122"]
[EventDate "2005.06.11"]

1. d4 d5 2. Nf3 c6 3. e3 Nf6 4. Bd3 Bg4 5. b3 e6 6. Bb2 Nbd7 7. Nbd2 c5 8. Qe2
cxd4 9. exd4 Bd6 10. Qe3 Bh5 11. h3 Bg6 12. Ne5 Bxd3 13. Qxd3 Rc8 14. O-O Qc7
15. Nxd7 Qxd7 16. c4 O-O 17. Rac1 b6 18. Nf3 Rfd8 19. Ne5 dxc4 20. Qe2 Qb7 21.
bxc4 Qe4 22. Qxe4 Nxe4 23. Rfe1 Bxe5 24. Rxe4 Bf6 25. Kf1 Rc6 26. Ke2 Bg5 27.
Rc2 f5 28. Re5 Bf6 29. Re3 Bxd4 30. Rd2 Rcd6 31. Ba3 Bxe3 32. Rxd6 Rxd6 33.
Bxd6 Bc5 34. Bb8 a6 35. f4 b5 36. cxb5 axb5 37. Kd3 Kf7 38. Kc3 Ke7 39. Be5 g6
40. Kb3 Kd7 41. a4 bxa4+ 42. Kxa4 Bd6 43. Bc3 Bxf4 44. Kb5 Kd6 45. Kc4 Bg3 46.
Kd3 Kd5 47. Ke3 e5 48. Ba5 e4 49. Bd8 Bd6 50. Bh4 Bc5+ 51. Ke2 f4 52. Bg5 Ke5
53. Bh4 Kf5 54. Bd8 g5 55. Bc7 h5 56. Ba5 g4 57. Bd8 Bd4 58. Be7 gxh3 59. gxh3
f3+ 60. Kf1 e3 61. Bb4 Ke4 0-1

[Event "6th ch-EURw"]
[Site "Chisinau MDA"]
[Date "2005.06.11"]
[Round "1"]
[White "Kostiuk, T."]
[Black "Topel, Z."]
[Result "1-0"]
[WhiteElo "2313"]
[BlackElo "2085"]
[PlyCount "93"]
[EventDate "2005.06.11"]

1. d4 Nf6 2. Nf3 g6 3. g3 Bg7 4. Bg2 O-O 5. c4 d6 6. Nc3 Nbd7 7. O-O e5 8. e4
c6 9. h3 a5 10. Be3 exd4 11. Nxd4 Nc5 12. e5 Ne8 13. exd6 Qxd6 14. Nxc6 bxc6
15. Qxd6 Nxd6 16. Bxc5 Nxc4 17. Bxf8 Kxf8 18. Na4 Rb8 19. Rad1 Nxb2 20. Nxb2
Bxb2 21. Rd8+ Ke7 22. Rg8 Be5 23. Re1 Be6 24. Rxb8 Bxb8 25. Bxc6 Kd6 26. Bg2
Ba7 27. h4 a4 28. Re2 Bd4 29. Be4 a3 30. Bb1 h5 31. Kg2 Kc5 32. Rxe6 fxe6 33.
Bxg6 Kd5 34. Bxh5 Ke5 35. Bg6 Kf6 36. Be4 Kg7 37. g4 e5 38. Kg3 Kh6 39. Bc6 Bc5
40. g5+ Kg7 41. f3 Be3 42. Kg4 Kg6 43. h5+ Kg7 44. h6+ Kg8 45. Kh5 Bf4 46. g6
Be3 47. Bd5+ 1-0

[Event "6th ch-EURw"]
[Site "Chisinau MDA"]
[Date "2005.06.12"]
[Round "2"]
[White "Topel, Z."]
[Black "Calotescu, A."]
[Result "1-0"]
[WhiteElo "2085"]
[BlackElo "2268"]
[PlyCount "83"]
[EventDate "2005.06.11"]

1. c4 c5 2. Nc3 g6 3. g3 Bg7 4. Bg2 Nc6 5. e3 h5 6. Nf3 d6 7. h3 Nh6 8. d4 Qa5
9. O-O cxd4 10. Nxd4 Nxd4 11. exd4 Nf5 12. Ne2 Qb6 13. d5 O-O 14. Rb1 Bd7 15.
Bg5 Rfe8 16. g4 hxg4 17. hxg4 Nh6 18. Be3 Qc7 19. f3 Qxc4 20. Qd2 Kh7 21. Kf2
Bxg4 22. Rh1 Bh5 23. Ng3 Rac8 24. Rbc1 Qxa2 25. Nxh5 gxh5 26. Rxh5 Qxb2 27.
Rxh6+ Kg8 28. Qxb2 Bxb2 29. Rg1 Rc2+ 30. Ke1 Bc3+ 31. Kd1 Ra2 32. Bf1+ Kf8 33.
Rh7 e6 34. Bh6+ Ke7 35. dxe6 Kd8 36. Rxf7 Bd4 37. e7+ Rxe7 38. Rg8+ Kd7 39.
Bh3+ Kc6 40. Rc8+ Kb6 41. Rxe7 Rh2 42. Be3 1-0

[Event "6th ch-EURw"]
[Site "Chisinau MDA"]
[Date "2005.06.13"]
[Round "3"]
[White "Vozovic, O."]
[Black "Topel, Z."]
[Result "1-0"]
[WhiteElo "2288"]
[BlackElo "2085"]
[PlyCount "69"]
[EventDate "2005.06.11"]

1. e4 c5 2. Nf3 d6 3. b4 cxb4 4. d4 g6 5. a3 bxa3 6. Nxa3 Bg7 7. h3 Nf6 8. Bd3
Nc6 9. c3 O-O 10. O-O Nd7 11. Be3 Nb6 12. Qd2 f5 13. Ng5 fxe4 14. Nxe4 Bf5 15.
Rfb1 Qd7 16. Nb5 Nd5 17. Qa2 e6 18. Bd2 Bxe4 19. Bxe4 Nf6 20. Bf3 Rfe8 21. Bf4
Bf8 22. Bg5 Be7 23. Re1 a6 24. Nxd6 Bxd6 25. Bxf6 Qf7 26. Bg5 Qf5 27. Bh4 h5
28. Be4 Qf7 29. Re3 Kh7 30. Qe2 Rh8 31. Bg5 Kg7 32. Rf3 Qc7 33. Bf6+ Kh6 34.
Qe3+ Kh7 35. Qg5 1-0

[Event "6th ch-EURw"]
[Site "Chisinau MDA"]
[Date "2005.06.14"]
[Round "4"]
[White "Topel, Z."]
[Black "Szczepkowska, K."]
[Result "1/2-1/2"]
[WhiteElo "2085"]
[BlackElo "2264"]
[PlyCount "41"]
[EventDate "2005.06.11"]

1. c4 g6 2. d4 Bg7 3. e4 d6 4. Nc3 Nf6 5. f3 O-O 6. Be3 a6 7. Qd2 Nbd7 8. Nh3
c5 9. Be2 Qa5 10. O-O Rb8 11. Rfd1 b5 12. dxc5 dxc5 13. cxb5 axb5 14. Nd5 Nxd5
15. Qxa5 Nxe3 16. Qd2 Nb6 17. Qc1 Bxh3 18. gxh3 Nbc4 19. Bxc4 Nxd1 20. Qxd1
bxc4 21. Qd4 1/2-1/2

[Event "6th ch-EURw"]
[Site "Chisinau MDA"]
[Date "2005.06.15"]
[Round "5"]
[White "Laesson, T."]
[Black "Topel, Z."]
[Result "1-0"]
[WhiteElo "2246"]
[BlackElo "2085"]
[PlyCount "119"]
[EventDate "2005.06.11"]

1. d4 g6 2. e4 Bg7 3. c3 d6 4. Bd3 e5 5. Be3 Nc6 6. Ne2 Nf6 7. h3 O-O 8. d5 Ne7
9. O-O Ne8 10. Nd2 f5 11. f4 Nf6 12. fxe5 dxe5 13. c4 f4 14. Bf2 h6 15. Nf3 Nh5
16. Nc3 Bf6 17. c5 Kh8 18. Bc4 Ng7 19. Qe2 g5 20. Nh2 h5 21. Rad1 Ng6 22. c6
Be7 23. Nb5 a6 24. cxb7 Bxb7 25. Na7 f3 26. Nxf3 Nf4 27. Qe3 Bd6 28. Nc6 Qf6
29. Be1 Rae8 30. Bc3 Bxc6 31. dxc6 g4 32. hxg4 hxg4 33. Nh2 Qg5 34. Rd3 Nh3+
35. Kh1 Qxe3 36. Rxe3 Bc5 37. Nxg4 Rxf1+ 38. Bxf1 Bxe3 39. gxh3 Bd4 40. Bxa6
Re6 41. Bb5 Bxc3 42. bxc3 Ne8 43. Ba4 Nd6 44. Bb3 Re8 45. Bd5 Nb5 46. c4 Nc3
47. c5 Kg7 48. Kg2 Na4 49. Kg3 Nxc5 50. h4 Nd3 51. h5 Re7 52. Kh4 Ne1 53. Ne3
Kf6 54. h6 Rh7 55. Kh5 Nd3 56. Ng4+ Ke7 57. Kg6 Rh8 58. Kg7 Rf8 59. h7 Nf4 60.
Nh6 1-0

[Event "6th ch-EURw"]
[Site "Chisinau MDA"]
[Date "2005.06.16"]
[Round "6"]
[White "Foisor, S."]
[Black "Topel, Z."]
[Result "1/2-1/2"]
[WhiteElo "2210"]
[BlackElo "2085"]
[PlyCount "198"]
[EventDate "2005.06.11"]

1. d4 Nf6 2. Nf3 g6 3. b4 d5 4. e3 Bg7 5. c4 O-O 6. Nc3 c6 7. Qb3 Ne4 8. Bb2
dxc4 9. Bxc4 Nd6 10. a4 Nxc4 11. Qxc4 Be6 12. Qe2 Nd7 13. Ng5 Bb3 14. Ra3 e5
15. Nxh7 Re8 16. Rxb3 exd4 17. Nd1 Kxh7 18. O-O Nb6 19. a5 Qd5 20. Rd3 Na4 21.
Bxd4 Rad8 22. Qc2 c5 23. Qxa4 cxd4 24. exd4 Bxd4 25. Ne3 Qe4 26. Qb3 Rd7 27.
Rfd1 Red8 28. Qc4 Kg8 29. Kh1 Rd6 30. b5 a6 31. bxa6 bxa6 32. Nc2 Qe2 33. Re1
Qg4 34. h3 Qd7 35. Red1 Rc8 36. Qb3 Be5 37. Rxd6 Bxd6 38. Ne3 Qe7 39. Qd3 Rc6
40. Qd5 Qc7 41. Ng4 Bf4 42. g3 Rd6 43. Qa8+ Kg7 44. Rxd6 Bxd6 45. Qxa6 f5 46.
Ne3 Bc5 47. Qe6 Bxe3 48. Qxe3 Qxa5 49. Qe7+ Kg8 50. Qe6+ Kg7 51. h4 Qa8+ 52.
Kh2 Qf3 53. Qe7+ Kg8 54. Qe3 Qd5 55. Qg5 Kh7 56. Qe7+ Kh6 57. Qe3+ Kh7 58. Qe7+
Kh6 59. Qg5+ Kh7 60. h5 gxh5 61. Qxh5+ Kg7 62. Qg5+ Kh7 63. Kg1 Qd1+ 64. Kg2
Qd3 65. Qf4 Qd5+ 66. Qf3 Qe6 67. Qh5+ Kg7 68. Qg5+ Kh7 69. Qf4 Kg6 70. Qd4 Qc6+
71. Kh2 Qf3 72. Kg1 Qe2 73. Kg2 Qe6 74. f3 Qe2+ 75. Qf2 Qd1 76. Qe3 Qd5 77. Kh3
Kh5 78. Qe8+ Kg5 79. Qe7+ Kg6 80. Qe8+ Kg5 81. Qe3+ Kh5 82. g4+ fxg4+ 83. fxg4+
Kg6 84. Qe8+ Kh6 85. Qf8+ Kg6 86. Qf1 Kg5 87. Qc1+ Kg6 88. Qf1 Kg5 89. Qc1+ Kg6
90. Qg1 Qf3+ 91. Kh4 Qf6+ 92. Kg3 Qe5+ 93. Kh3 Qc3+ 94. Kg2 Qd2+ 95. Kf3 Qd3+
96. Kf4 Qd6+ 97. Kf3 Qd3+ 98. Qe3 Qxe3+ 99. Kxe3 Kg5 1/2-1/2

[Event "6th ch-EURw"]
[Site "Chisinau MDA"]
[Date "2005.06.17"]
[Round "7"]
[White "Topel, Z."]
[Black "Alexanian, N."]
[Result "0-1"]
[WhiteElo "2085"]
[BlackElo "2211"]
[PlyCount "82"]
[EventDate "2005.06.11"]

1. c4 c5 2. Nc3 Nc6 3. g3 g6 4. Bg2 Bg7 5. e3 b6 6. Nge2 Bb7 7. O-O Na5 8. b3
Bxg2 9. Kxg2 e6 10. Rb1 Nf6 11. a3 O-O 12. d3 d5 13. b4 Nb7 14. Qa4 dxc4 15.
dxc4 cxb4 16. axb4 Qc7 17. Qa6 Rfc8 18. Rd1 Rab8 19. Kg1 Qxc4 20. Qxa7 Ne4 21.
Nxe4 Qxe4 22. Bb2 Ra8 23. Qxb6 Ra2 24. Bxg7 Rxe2 25. Qd4 Qf3 26. Rf1 Nd6 27.
Qxd6 Kxg7 28. Qe5+ Kh6 29. b5 Rcc2 30. Qf4+ Qxf4 31. exf4 Rb2 32. b6 Rxf2 33.
Rfd1 Rg2+ 34. Kh1 Rxh2+ 35. Kg1 Rhg2+ 36. Kh1 Rh2+ 37. Kg1 Rbg2+ 38. Kf1 Rf2+
39. Kg1 Rfg2+ 40. Kf1 Rb2 41. b7 Rh1# 0-1

[Event "6th ch-EURw"]
[Site "Chisinau MDA"]
[Date "2005.06.18"]
[Round "8"]
[White "Topel, Z."]
[Black "Cherednichenko, E."]
[Result "1-0"]
[WhiteElo "2085"]
[BlackElo "1969"]
[PlyCount "123"]
[EventDate "2005.06.11"]

1. d4 Nf6 2. c4 g6 3. Nc3 Bg7 4. e4 d6 5. f3 O-O 6. Be3 e5 7. Nge2 Nbd7 8. Qd2
c6 9. d5 c5 10. g4 h5 11. h3 Kh7 12. Bg5 Qb6 13. Ng3 Rh8 14. gxh5 Nxh5 15. Nxh5
gxh5 16. Rg1 Nf8 17. O-O-O Ng6 18. Kb1 Kg8 19. Qg2 Kf8 20. Ne2 Bd7 21. Rd2 Rh7
22. Ng3 Be8 23. Nf5 f6 24. Be3 Qc7 25. Qg3 Bf7 26. Rdg2 Bh8 27. Qf2 Ne7 28. Nh6
Bg7 29. Nf5 Nxf5 30. exf5 Bh8 31. f4 exf4 32. Bxf4 Ke7 33. Bd3 Kd7 34. Re1 Rg7
35. Rxg7 Bxg7 36. Re6 Bxe6 37. fxe6+ Ke7 38. Qg3 Bf8 39. Qg8 Re8 40. Bg6 Kd8
41. Bxe8 Kxe8 42. Bh6 Qe7 43. Kc2 f5 44. Kd3 Qf6 45. Qxf8+ Qxf8 46. Bxf8 Kxf8
47. Ke3 Ke7 48. Kf4 Kf6 49. h4 a6 50. a4 b6 51. b3 a5 52. e7 Kxe7 53. Kxf5 Kf7
54. Kg5 Kg7 55. Kxh5 Kf6 56. Kg4 Ke5 57. h5 Kd4 58. h6 Kc3 59. h7 Kxb3 60. h8=Q
Kxc4 61. Qb2 Kxd5 62. Qxb6 1-0

[Event "6th ch-EURw"]
[Site "Chisinau MDA"]
[Date "2005.06.20"]
[Round "9"]
[White "Czarnota, D."]
[Black "Topel, Z."]
[Result "1-0"]
[WhiteElo "2244"]
[BlackElo "2085"]
[PlyCount "67"]
[EventDate "2005.06.11"]

1. e4 c5 2. Ne2 d6 3. g3 Nc6 4. Bg2 g6 5. c3 Bg7 6. d4 Bg4 7. f3 Bd7 8. Be3 b6
9. O-O Qc8 10. Na3 Bh3 11. Bxh3 Qxh3 12. g4 Bh6 13. Bxh6 Qxh6 14. Qa4 Rc8 15.
d5 Qg5 16. dxc6 h5 17. c7+ Kf8 18. Qd7 Rxc7 19. Qxc7 Nf6 20. Rf2 hxg4 21. f4
Qh4 22. Qb7 Nh5 23. e5 g3 24. hxg3 Qh3 25. Qg2 Qg4 26. exd6 exd6 27. Rd1 Nf6
28. Rxd6 Kg7 29. Nc4 Qf5 30. Rxf6 Kxf6 31. Rf1 Qd3 32. Ne5 Qe3+ 33. Qf2 Qe4 34.
Qf3 1-0

[Event "6th ch-EURw"]
[Site "Chisinau MDA"]
[Date "2005.06.21"]
[Round "10"]
[White "Topel, Z."]
[Black "Bashkite, V."]
[Result "1/2-1/2"]
[WhiteElo "2085"]
[BlackElo "2205"]
[PlyCount "114"]
[EventDate "2005.06.11"]

1. c4 e5 2. Nc3 Nf6 3. Nf3 Nc6 4. d3 h6 5. e3 d5 6. cxd5 Nxd5 7. e4 Nf6 8. Be2
Bc5 9. O-O O-O 10. Be3 Qe7 11. Qc1 Bxe3 12. fxe3 Rd8 13. a3 Na5 14. Nd2 c5 15.
Qe1 b6 16. Rb1 Nc6 17. Nc4 Ba6 18. Nd5 Nxd5 19. exd5 Rxd5 20. Bf3 Bxc4 21. dxc4
Rd6 22. Bd5 Rf8 23. Qg3 Kh8 24. Rf2 Rg6 25. Qh3 Nd8 26. Rbf1 Ne6 27. Qf5 Rg5
28. Qxe6 fxe6 29. Rxf8+ Kh7 30. Be4+ Rf5 31. Bxf5+ exf5 32. R8xf5 Qd6 33. h3 e4
34. Rf7 a5 35. Rb7 Qd2 36. Rff7 Qxe3+ 37. Kh2 Kg6 38. Rxg7+ Kf6 39. Rgf7+ Ke5
40. Rxb6 Kd4 41. b3 Qc1 42. Re6 e3 43. Rd7+ Kc3 44. Rde7 Kxb3 45. Rxe3+ Kxc4
46. R7e4+ Kd5 47. Re5+ Kd4 48. R5e4+ Kd5 49. Re5+ Kc6 50. Kg3 c4 51. Rf3 Kd6
52. Rb5 c3 53. Rf6+ Ke7 54. Rc6 Qe3+ 55. Kh2 Qf4+ 56. Kg1 Qd4+ 57. Kh2 Qf4+
1/2-1/2

[Event "6th ch-EURw"]
[Site "Chisinau MDA"]
[Date "2005.06.22"]
[Round "11"]
[White "Bayrak, A."]
[Black "Topel, Z."]
[Result "1-0"]
[WhiteElo "1949"]
[BlackElo "2085"]
[PlyCount "78"]
[EventDate "2005.06.11"]

1. e4 c5 2. Nc3 Nc6 3. g3 g6 4. Bg2 Bg7 5. d3 d6 6. f4 b6 7. Nf3 Bb7 8. Be3 Nd4
9. O-O Qd7 10. a4 e5 11. fxe5 dxe5 12. Nd5 Bxd5 13. exd5 Nf5 14. Bf2 Nge7 15.
c4 O-O 16. Qe2 f6 17. a5 Nd4 18. Nxd4 cxd4 19. axb6 axb6 20. b3 Nf5 21. b4 Ra4
22. Rxa4 Qxa4 23. Qb2 Ra8 24. d6 Ra7 25. c5 b5 26. d7 Rxd7 27. Ra1 Qa7 28. Rxa7
Rxa7 29. Bc6 Ne3 30. Bxb5 f5 31. Bxe3 dxe3 32. Bc4+ Kf8 33. Kf1 e4 34. d4 Rd7
35. c6 Rd6 36. b5 Ke8 37. Qa3 Rxd4 38. Be2 Kd8 39. c7+ Kc8 1-0

[Event "6th ch-EURw"]
[Site "Chisinau MDA"]
[Date "2005.06.23"]
[Round "12"]
[White "Topel, Z."]
[Black "Vasilieva, M."]
[Result "1-0"]
[WhiteElo "2085"]
[BlackElo "2124"]
[PlyCount "89"]
[EventDate "2005.06.11"]

1. c4 e5 2. Nc3 Nf6 3. Nf3 Nc6 4. d3 d5 5. cxd5 Nxd5 6. e4 Nb6 7. Be2 Be7 8.
O-O O-O 9. a4 Be6 10. a5 Nd7 11. d4 exd4 12. Nxd4 Nxd4 13. Qxd4 Bf6 14. Qb4 b6
15. Be3 Be7 16. Qb5 a6 17. Qc6 Ne5 18. Qa4 b5 19. Qc2 Nc4 20. Bf4 f5 21. Rfd1
Qc8 22. b3 Nd6 23. e5 Ne4 24. Nxe4 fxe4 25. Be3 c6 26. f3 Qc7 27. Qc3 exf3 28.
Bxf3 Rac8 29. Bb6 Qb8 30. b4 Bd8 31. Bc5 Rf4 32. Rd6 Bf7 33. Qd2 Rc4 34. Re1
Be7 35. Rxc6 Bxc5+ 36. Rxc5 R4xc5 37. bxc5 Rxc5 38. e6 Be8 39. e7 Rc8 40. Bd5+
Kh8 41. Qf2 Bg6 42. Rf1 h6 43. Qf8+ Kh7 44. Bg8+ Kh8 45. Be6+ 1-0

[Event "6th ch-EURw"]
[Site "Chisinau MDA"]
[Date "2005.06.11"]
[Round "1"]
[White "Vozovic, O."]
[Black "Bayrak, A."]
[Result "1-0"]
[WhiteElo "2288"]
[BlackElo "1949"]
[PlyCount "35"]
[EventDate "2005.06.11"]

1. g3 d5 2. Bg2 Nf6 3. d3 c6 4. Nd2 e6 5. Ngf3 Nbd7 6. e4 dxe4 7. dxe4 Be7 8.
O-O Qc7 9. Re1 e5 10. Nh4 O-O 11. Nf5 Bc5 12. Nb3 Bb6 13. Qf3 a6 14. Bg5 Ba7
15. Rad1 b5 16. Rd6 Ne8 17. Rxc6 Qb7 18. Na5 1-0

[Event "6th ch-EURw"]
[Site "Chisinau MDA"]
[Date "2005.06.12"]
[Round "2"]
[White "Bayrak, A."]
[Black "Cherednichenko, S."]
[Result "1/2-1/2"]
[WhiteElo "1949"]
[BlackElo "2230"]
[PlyCount "70"]
[EventDate "2005.06.11"]

1. e4 d6 2. d4 Nf6 3. Bd3 e5 4. c3 Be7 5. Nf3 Nbd7 6. Nbd2 c6 7. Bc2 O-O 8. O-O
b6 9. a4 a5 10. Re1 Qc7 11. Nc4 Bb7 12. Ne3 Rfe8 13. Nf5 Bf8 14. h3 h6 15. b3
Rad8 16. Qe2 exd4 17. N3xd4 d5 18. e5 Qxe5 19. Qxe5 Rxe5 20. Bf4 Rxe1+ 21. Rxe1
Re8 22. Rd1 Ne4 23. Bxe4 Rxe4 24. Bg3 g6 25. Nd6 Bxd6 26. Bxd6 c5 27. Nb5 Kg7
28. Bg3 Re2 29. Nc7 Nf6 30. Kf1 Re7 31. Bd6 Rd7 32. Be5 Re7 33. Bd6 Rd7 34. Be5
Re7 35. Bd6 Rd7 1/2-1/2

[Event "6th ch-EURw"]
[Site "Chisinau MDA"]
[Date "2005.06.13"]
[Round "3"]
[White "Calotescu, A."]
[Black "Bayrak, A."]
[Result "1-0"]
[WhiteElo "2268"]
[BlackElo "1949"]
[PlyCount "61"]
[EventDate "2005.06.11"]

1. Nf3 d5 2. c4 c6 3. d4 Nf6 4. e3 a6 5. Bd3 Bg4 6. Nbd2 e6 7. b3 Nbd7 8. Bb2
Be7 9. Qc2 Bh5 10. O-O Bg6 11. e4 dxe4 12. Nxe4 Nxe4 13. Bxe4 Nf6 14. Bxg6 hxg6
15. Rad1 O-O 16. Rd3 Qc7 17. Rfd1 Rad8 18. g3 Qa5 19. Kg2 Ba3 20. Ba1 Qc7 21.
h3 Be7 22. Bb2 Qb8 23. Bc1 b5 24. Qe2 Qb7 25. Ne5 Bd6 26. Kg1 Nd7 27. Nxg6 fxg6
28. Qxe6+ Kh8 29. Qxd6 Ne5 30. Qxe5 Qd7 31. Qg5 1-0

[Event "6th ch-EURw"]
[Site "Chisinau MDA"]
[Date "2005.06.14"]
[Round "4"]
[White "Bayrak, A."]
[Black "Stiri, A."]
[Result "0-1"]
[WhiteElo "1949"]
[BlackElo "2181"]
[PlyCount "77"]
[EventDate "2005.06.11"]

1. e4 c5 2. Nc3 e6 3. g3 Nc6 4. Bg2 a6 5. d3 Nf6 6. f4 d5 7. Nf3 Be7 8. O-O O-O
9. h3 b5 10. Ne5 Bb7 11. Nxc6 Bxc6 12. e5 Ne8 13. Qe2 Nc7 14. Bd2 Qd7 15. g4 b4
16. Nd1 f6 17. exf6 Bxf6 18. g5 Be7 19. Nf2 Bd6 20. Ng4 Bb7 21. Ne5 Qb5 22. h4
Rae8 23. h5 d4 24. g6 h6 25. Nf7 Bxg2 26. Qxg2 Qd7 27. Qg4 Nd5 28. f5 exf5 29.
Qxf5 Qc6 30. Rae1 Rxe1 31. Rxe1 Bb8 32. Re6 Qd7 33. Qe4 Nf6 34. Qe2 Nxh5 35.
Re7 Qf5 36. Nxh6+ gxh6 37. Bxh6 Qxg6+ 38. Qg2 Qxg2+ 39. Kxg2 0-1

[Event "6th ch-EURw"]
[Site "Chisinau MDA"]
[Date "2005.06.15"]
[Round "5"]
[White "Coimbra, M."]
[Black "Bayrak, A."]
[Result "1/2-1/2"]
[WhiteElo "2098"]
[BlackElo "1949"]
[PlyCount "73"]
[EventDate "2005.06.11"]

1. e4 e6 2. d4 d5 3. Nd2 Nf6 4. e5 Nfd7 5. Bd3 c5 6. c3 Nc6 7. Ngf3 Be7 8. O-O
Qb6 9. dxc5 Nxc5 10. Nb3 Nxd3 11. Qxd3 Bd7 12. Re1 Qc7 13. Nbd4 a6 14. Bd2 Na5
15. Rad1 Nc4 16. Bc1 b5 17. Re2 Rc8 18. Bf4 Qb7 19. Bg5 Na5 20. Bxe7 Kxe7 21.
b4 Nc4 22. Nb3 Nb6 23. Nc5 Qa7 24. Nd4 Na4 25. Ndb3 h6 26. a3 Rc7 27. Qg3 Rg8
28. Qh4+ Ke8 29. Qd4 Rh8 30. Re3 Rg8 31. Rg3 Nb2 32. Ra1 Na4 33. f4 Qa8 34. Rd3
g6 35. g3 Qa7 36. Rd2 Ke7 37. Kg2 1/2-1/2

[Event "6th ch-EURw"]
[Site "Chisinau MDA"]
[Date "2005.06.16"]
[Round "6"]
[White "Bayrak, A."]
[Black "Ankerst, Mil"]
[Result "0-1"]
[WhiteElo "1949"]
[BlackElo "2124"]
[PlyCount "62"]
[EventDate "2005.06.11"]

1. e4 c5 2. Nc3 Nc6 3. g3 g6 4. Bg2 Bg7 5. d3 d6 6. f4 e6 7. Nf3 Nge7 8. O-O
O-O 9. Be3 Nd4 10. e5 Nef5 11. Bf2 Nxf3+ 12. Qxf3 Bd7 13. Ne4 dxe5 14. fxe5
Bxe5 15. Bxc5 Bd4+ 16. Bxd4 Nxd4 17. Qf2 Bc6 18. Nf6+ Kg7 19. Bxc6 bxc6 20. Ne4
f5 21. Nc5 Re8 22. c3 Nb5 23. d4 e5 24. dxe5 Rxe5 25. Rad1 Qb6 26. Rd7+ Kg8 27.
Nb3 Re2 28. Qxb6 axb6 29. c4 Rc2 30. cxb5 Rxb2 31. bxc6 Raxa2 0-1